01255cam a2200337 i 450000100090000000300090000900500170001800800410003502000280007602000180010404000380012208200170016010000380017724501020021525000200031725000210033726400560035830000300041433600260044433700280047033800270049849000460052550400520057165000410062365300340066465500170069870000350071594200120075099900170076295201380077912284727EG-ScBUE20240929124558.0010122r20142001riu f b 001 0 eng d a0821827839 (alk. paper) a9780821827833 aDLCbengerdacDLCdDLCdEG-ScBUE04a515222bLIE1 aLieb, Elliott H.,eauthor.93906410aAnalysis /cElliott H. Lieb, Princeton University, Michael Loss, Georgia Institute of Technology. aSecond edition. aReprint edition. 1aProvidence :bAmerican Mathematical Society,c2014. axxii, 348 pages ;c27 cm. 2rdacontentatextbtxt 2rdamediaaunmediatedbn 2rdacarrieravolumebnc0 aGraduate studies in mathematics ; vv. 14 aIncludes bibliographical references and index.  7aMathematical analysis.2BUEsh919895 bENGGENcJuly2015cJanuary2016 vReading book1 aLoss, Michael,d1954-eauthor. 2ddccBB c20188d20160 00102ddc40708BaccahaMAINbMAINc1STd2015-07-05ePurchaseg512.00h22696l0o515 LIEp000038904r2025-07-15 00:00:00v640.00yBB